000 01031nam a22002537a 4500
005 20240305165635.0
007 cr|||| ||||
008 220629s2022 mx |||||s|||| 00||0 spa d
020 _a978-607-629-746-9
035 _a36526
040 _avLex
090 _c13498
_d13498
100 1 _aPérez Chávez, José
245 1 0 _aGuía práctica de IVA
_h[Recurso electrónico] /
_cJosé Pérez Chávez, Raymundo Fol Olguín
256 _aServicio en línea
260 _aCiudad de México:
_bTax Editores,
_c2022
300 _a1 recurso electrónico
506 1 _aDisponible solo en los productos indicados
_dvLex Global
_dvLex Global (Academic Edition, excluding Law Schools)
_dvLex Global (U.S. Academic Edition, Law Schools)
_dvLex Global (U.S. Academic Edition, excluding Law Schools)
_dvLex Global (Academic Edition, Law Schools)
650 0 4 _aDerecho Fiscal
_zMéxico
700 1 _aFol Olguín, Raymundo
740 0 _avLex Libros (Servicio en línea)
856 4 0 _uhttps://app.vlex.com/#/sources/36526
942 _cRAA
999 _c171734
_d171734